Microbial Interactions With Chemical Water Pollution /

Hlavní autor: Tóth, Dezider, 1941-
Další autoři: Tomašovičová, Daniela
Jazyk: Angličtina
Vydáno: Bratislava : Veda, 1989
Vydání: 1. vyd.
Edice: Ellis Horwood series in wastewater technology
Témata:
Fyzický popis: 176 s. ; 8°
Knihy
Uloženo v:
LEADER 01102nam a22003012a 4500
001 000820639
003 CZ BrMZK
005 20130613140545.0
007 ta
008 060626s1989 xxk er|||||||||||eng d
040 |a BOA001  |b cze 
041 1 |a eng  |h slo 
100 1 |a Tóth, Dezider,  |d 1941-  |7 mzk2013765626  |4 aut 
245 1 0 |a Microbial Interactions With Chemical Water Pollution /  |c D. Tóth and D. Tomašovičová 
250 |a 1. vyd. 
260 |a Bratislava :  |b Veda,  |c 1989 
300 |a 176 s. ;  |c 8° 
490 1 |a Ellis Horwood series in wastewater technology 
500 |a Spoluvydavatel Ellis Horwood Lim. Chichester 
700 1 |a Tomašovičová, Daniela  |7 mzk2013762464  |4 aut 
765 0 |t Interakcia mikroorganizmov a chemického znečistenia vody  |9 Anglicky 
830 0 |a Ellis Horwood series in wastewater technology 
910 |a BOA001  |b 2-0950.616 
964 |a Mikroorganismy - voda - znečištění chemické - působení vzájemné 
990 |a BK 
995 |a 02 
991 |b 200606 
996 7 |b 2619341141  |c 2-0950.616  |l MZK  |r Sklad / do 1 hodiny  |n 0  |w 000820639  |u 000010  |a 1  |e BOA001  |j MZK50  |s A